[Event "Pardubice Czech op-E 34th"]
[Site "Pardubice"]
[Date "2023.07.16"]
[Round "6"]
[White "Sramek, Vojtech"]
[Black "Stalmach, Richard"]
[Result "0-1"]
[WhiteElo "2255"]
[BlackElo "2436"]
[PlyCount "86"]
[EventDate "2023.07.13"]
[EventType "team-swiss"]
[EventRounds "7"]
[EventCountry "CZE"]
[SourceTitle "CBM 215 Extra"]
[Source "ChessBase"]
[SourceDate "2023.09.30"]
[SourceVersion "1"]
[SourceVersionDate "2023.09.30"]
[SourceQuality "1"]
[WhiteTeam "Orlova Slavia II"]
[BlackTeam "Frydek Mistek"]
[WhiteTeamCountry "CZE"]
[BlackTeamCountry "CZE"]

1. e4 Nc6 2. Nf3 d6 3. d4 Nf6 4. Nc3 e5 5. Bb5 Nd7 6. 0-0 Be7 7. d5 Ncb8 8. Ne2 0-0 9. Ng3 a5 10. Be2 Nc5 11. c4 h5 12. Nxh5 Nxe4 13. Nd2 Nxd2 14. Bxd2 g6 15. Ng3 f5 16. f3 Nd7 17. Qc2 Bf6 18. Nh1 Kg7 19. g4 Nc5 20. Ng3 Bh4 21. Kg2 Bd7 22. gxf5 Bxf5 23. Nxf5+ Rxf5 24. Kh1 Bg5 25. Rg1 Qf6 26. Rg4 Bxd2 27. Qxd2 Rf4 28. Rag1 Rxg4 29. Rxg4 Qf5 30. Kg2 b6 31. Qg5 Qxg5 32. Rxg5 Rf8 33. Rg4 Rf4 34. Kg3 Rxg4+ 35. fxg4 Na4 36. g5 Nxb2 37. Kf3 Na4 38. Bd3 Nc3 39. a3 b5 40. h4 b4 41. axb4 a4 42. c5 e4+ 43. Bxe4 a3 0-1

[Event "CZE-chT1E 2223"]
[Site "Czech Republic"]
[Date "2022.12.11"]
[Round "5.5"]
[White "Kanok, Jaroslav"]
[Black "Sramek, Vojtech"]
[Result "1/2-1/2"]
[WhiteElo "2143"]
[BlackElo "2285"]
[PlyCount "70"]
[EventDate "2022.10.08"]
[EventType "team-tourn"]
[EventRounds "11"]
[EventCountry "CZE"]
[SourceTitle "CBM 213 Extra"]
[Source "ChessBase"]
[SourceDate "2023.05.31"]
[SourceVersion "1"]
[SourceVersionDate "2023.05.31"]
[SourceQuality "1"]
[WhiteTeam "Ostrava"]
[BlackTeam "Orlova Slavia"]
[WhiteTeamCountry "CZE"]
[BlackTeamCountry "CZE"]

1. d4 d5 2. Nf3 Nf6 3. Bf4 e6 4. e3 Bd6 5. Bg3 0-0 6. Bd3 c5 7. c3 Nc6 8. 0-0 Bxg3 9. hxg3 b6 10. Nbd2 Bb7 11. Qe2 Re8 12. Ba6 Bxa6 13. Qxa6 Qc7 14. Qe2 e5 15. dxe5 Nxe5 16. Rfd1 Nc6 17. Rac1 Rad8 18. a4 Rd6 19. Qd3 Red8 20. Qc2 Qd7 21. Re1 h6 22. e4 dxe4 23. Nxe4 Nxe4 24. Qxe4 Re6 25. Qc2 Qd5 26. Red1 Qe4 27. Rxd8+ Nxd8 28. Qxe4 Rxe4 29. Re1 Rxe1+ 30. Nxe1 Nb7 31. b4 Kf8 32. Kf1 Ke7 33. Ke2 cxb4 34. cxb4 a5 35. Kd3 Kd6 1/2-1/2

[Event "CZE-chT1E 2223"]
[Site "Czech Republic"]
[Date "2022.11.27"]
[Round "4.1"]
[White "Bures, Jaroslav"]
[Black "Sramek, Vojtech"]
[Result "1-0"]
[WhiteElo "2419"]
[BlackElo "2285"]
[PlyCount "97"]
[EventDate "2022.10.08"]
[EventType "team-tourn"]
[EventRounds "11"]
[EventCountry "CZE"]
[SourceTitle "CBM 213 Extra"]
[Source "ChessBase"]
[SourceDate "2023.05.31"]
[SourceVersion "1"]
[SourceVersionDate "2023.05.31"]
[SourceQuality "1"]
[WhiteTeam "Jundrov Jezdci"]
[BlackTeam "Orlova Slavia"]
[WhiteTeamCountry "CZE"]
[BlackTeamCountry "CZE"]

1. e4 c5 2. Nf3 d6 3. d4 cxd4 4. Nxd4 Nf6 5. Nc3 g6 6. Be3 Bg7 7. f3 0-0 8. Qd2 Nc6 9. Bc4 Nxd4 10. Bxd4 Be6 11. Bxe6 fxe6 12. Ne2 e5 13. Be3 e6 14. 0-0-0 d5 15. Bg5 dxe4 16. Qxd8 Raxd8 17. Rxd8 Rxd8 18. fxe4 h6 19. Bxf6 Bxf6 20. h4 Be7 21. g4 Kf7 22. Rh3 Ke8 23. c3 Rd7 24. Kc2 Bd8 25. Nc1 Rf7 26. Nd3 g5 27. hxg5 Bxg5 28. a4 Rf1 29. b4 Rg1 30. Nxe5 Rc1+ 31. Kb3 Rb1+ 32. Kc4 Re1 33. Kd4 Bf6 34. Rxh6 Ke7 35. Rh7+ Ke8 36. Rh5 Rg1 37. Kc5 Re1 38. Kd6 Rxe4 39. Kxe6 Bg7 40. a5 a6 41. Rg5 Kf8 42. Kd5 Re3 43. c4 Rb3 44. Kc5 Rb1 45. b5 Rc1 46. Kb6 Bxe5 47. Rxe5 Rxc4 48. Kxb7 axb5 49. a6 1-0

[Event "Stare Mesto op"]
[Site "Stare Mesto"]
[Date "2022.08.19"]
[Round "8"]
[White "Neuman, Petr"]
[Black "Sramek, Vojtech"]
[Result "1/2-1/2"]
[WhiteElo "2393"]
[BlackElo "2247"]
[PlyCount "153"]
[EventDate "2022.08.12"]
[EventType "swiss"]
[EventRounds "9"]
[EventCountry "CZE"]
[SourceTitle "CBM 209 Extra"]
[Source "ChessBase"]
[SourceDate "2022.09.30"]
[SourceVersion "1"]
[SourceVersionDate "2022.09.30"]
[SourceQuality "1"]

1. e4 c5 2. Nf3 d6 3. d4 cxd4 4. Qxd4 Nc6 5. Bb5 a6 6. Bxc6+ bxc6 7. c4 e5 8. Qd3 Ne7 9. Nc3 Ng6 10. c5 dxc5 11. Qxd8+ Kxd8 12. Be3 Kc7 13. Rc1 Rb8 14. Rc2 f6 15. 0-0 Be6 16. Rfc1 c4 17. Nd2 Bb4 18. Ncb1 Bxd2 19. Nxd2 Nf4 20. Bxf4 exf4 21. Nxc4 Bxc4 22. Rxc4 Rb6 23. Kf1 Rd8 24. R1c2 Rd6 25. Ke2 Rb5 26. Rc5 Rb4 27. Kf3 g5 28. e5 fxe5 29. Rxe5 Rb5 30. Re7+ Rd7 31. Rxd7+ Kxd7 32. h4 h6 33. Kg4 Rd5 34. b3 Kd6 35. Re2 Kd7 36. f3 c5 37. Kh5 Kc6 38. hxg5 hxg5 39. Kg6 Kb5 40. Kf6 c4 41. bxc4+ Kxc4 42. Re4+ Kc3 43. Re5 Rxe5 44. Kxe5 a5 45. Kf5 a4 46. Kxg5 a3 47. Kxf4 Kb2 48. g4 Kxa2 49. g5 Kb1 50. g6 a2 51. g7 a1Q 52. g8Q Qd4+ 53. Kf5 Qc5+ 54. Ke4 Qb4+ 55. Kd3 Qa3+ 56. Ke2 Qb2+ 57. Kf1 Qb5+ 58. Kg1 Kc2 59. Qe6 Qg5+ 60. Kf2 Qh4+ 61. Kg2 Kd3 62. Qg4 Qe7 63. Kg3 Qe1+ 64. Kf4 Qb4+ 65. Kf5 Qf8+ 66. Kg5 Qe7+ 67. Kf4 Qd6+ 68. Kf5 Qf8+ 69. Ke6 Qe8+ 70. Kf6 Qf8+ 71. Kg6 Qg8+ 72. Kh6 Qh8+ 73. Kg5 Qd8+ 74. Kh5 Qh8+ 75. Kg5 Qd8+ 76. Kh5 Qh8+ 77. Kg5 1/2-1/2

[Event "Stare Mesto op"]
[Site "Stare Mesto"]
[Date "2022.08.14"]
[Round "3"]
[White "Prazak, Daniel"]
[Black "Sramek, Vojtech"]
[Result "0-1"]
[WhiteElo "2109"]
[BlackElo "2247"]
[PlyCount "100"]
[EventDate "2022.08.12"]
[EventType "swiss"]
[EventRounds "9"]
[EventCountry "CZE"]
[SourceTitle "CBM 209 Extra"]
[Source "ChessBase"]
[SourceDate "2022.09.30"]
[SourceVersion "1"]
[SourceVersionDate "2022.09.30"]
[SourceQuality "1"]

1. e4 c5 2. Nf3 d6 3. c4 Nc6 4. d4 cxd4 5. Nxd4 g6 6. Nc3 Bg7 7. Be3 Nf6 8. Be2 0-0 9. 0-0 Bd7 10. h3 Nxd4 11. Bxd4 Bc6 12. Qc2 a5 13. Rad1 a4 14. c5 Re8 15. cxd6 exd6 16. Bf3 Rc8 17. Rfe1 b5 18. a3 Qc7 19. Bxf6 Bxf6 20. Bg4 Bxc3 21. Qxc3 Bd7 22. Qxc7 Rxc7 23. Bxd7 Rxd7 24. Rd5 Re5 25. Red1 Rb7 26. f3 Rxd5 27. Rxd5 Rb6 28. Rd4 Kf8 29. Rb4 Ke7 30. b3 axb3 31. a4 d5 32. exd5 Kd6 33. a5 Rb8 34. Kf2 Kxd5 35. Ke2 Kc5 36. Rxb3 b4 37. Kd2 Ra8 38. Re3 Rxa5 39. Re5+ Kb6 40. Re7 Ra7 41. Re4 Kb5 42. Kc2 Ka4 43. g4 Ka3 44. Kb1 Rd7 45. Re1 Rd3 46. Rf1 g5 47. Kc2 Rc3+ 48. Kd2 Ka2 49. f4 Rxh3 50. fxg5 b3 0-1

[Event "Stare Mesto op"]
[Site "Stare Mesto"]
[Date "2022.08.12"]
[Round "1"]
[White "Lang, Simon"]
[Black "Sramek, Vojtech"]
[Result "0-1"]
[WhiteElo "1932"]
[BlackElo "2247"]
[PlyCount "52"]
[EventDate "2022.08.12"]
[EventType "swiss"]
[EventRounds "9"]
[EventCountry "CZE"]
[SourceTitle "CBM 209 Extra"]
[Source "ChessBase"]
[SourceDate "2022.09.30"]
[SourceVersion "1"]
[SourceVersionDate "2022.09.30"]
[SourceQuality "1"]

1. e4 c5 2. Nf3 d6 3. d4 cxd4 4. Nxd4 Nf6 5. Nc3 g6 6. Be3 Bg7 7. f3 0-0 8. Bc4 Nc6 9. Bb3 Bd7 10. Qd2 Rc8 11. 0-0-0 Nxd4 12. Bxd4 b5 13. h4 a5 14. a3 b4 15. axb4 axb4 16. Nd5 Nxd5 17. Bxg7 Kxg7 18. exd5 Qa5 19. Qd4+ Kg8 20. h5 Bf5 21. g4 Bxc2 22. Bc4 Bb3 23. Kd2 Rxc4 24. Qe3 Qxd5+ 25. Ke2 Bxd1+ 26. Rxd1 Qe5 0-1

[Event "Pardubice Czech op-E 33rd"]
[Site "Pardubice"]
[Date "2022.07.15"]
[Round "3.1"]
[White "Roubalik, Jakub"]
[Black "Sramek, Vojtech"]
[Result "0-1"]
[WhiteElo "2380"]
[BlackElo "2249"]
[PlyCount "72"]
[EventDate "2022.07.14"]
[EventType "team-swiss"]
[EventRounds "7"]
[EventCountry "CZE"]
[SourceTitle "CBM 209 Extra"]
[Source "ChessBase"]
[SourceDate "2022.09.30"]
[SourceVersion "1"]
[SourceVersionDate "2022.09.30"]
[SourceQuality "1"]
[WhiteTeam "Brno Moravska Slavia"]
[BlackTeam "Orlova Slavia II"]
[WhiteTeamCountry "CZE"]
[BlackTeamCountry "CZE"]

1. d4 d5 2. c4 e6 3. Nc3 Nf6 4. cxd5 Nxd5 5. e4 Nxc3 6. bxc3 c5 7. Nf3 cxd4 8. cxd4 Bb4+ 9. Bd2 Bxd2+ 10. Qxd2 0-0 11. Bc4 b6 12. 0-0 Bb7 13. Rfe1 Nd7 14. Rad1 Rc8 15. Bb3 Re8 16. Qe3 Nf6 17. Qf4 Nh5 18. Qe3 Nf6 19. Qd3 h6 20. Ne5 Qc7 21. Qf3 b5 22. Qf4 a5 23. Rd3 a4 24. Bd1 Qc1 25. Rde3 Qd2 26. Bh5 Re7 27. Bxf7+ Rxf7 28. Nxf7 Kxf7 29. h3 Qxd4 30. Rf3 Kg8 31. Qh4 Kh7 32. Qg3 Qd2 33. Rfe3 Rc1 34. Rxc1 Qxc1+ 35. Kh2 Bxe4 36. Qe5 Bd5 0-1

[Event "Titled Tuesday intern op 21st Dec"]
[Site "Chess.com INT"]
[Date "2021.12.21"]
[Round "9"]
[White "Sramek, Vojtech"]
[Black "Ward, Ieuan C"]
[Result "1-0"]
[WhiteElo "2230"]
[BlackElo "2028"]
[PlyCount "59"]
[EventDate "2021.12.21"]
[EventType "swiss (blitz)"]
[EventRounds "11"]
[EventCountry "USA"]
[SourceTitle "CBM 205 Extra"]
[Source "ChessBase"]
[SourceDate "2022.01.31"]
[SourceVersion "1"]
[SourceVersionDate "2022.01.31"]
[SourceQuality "1"]

1. e4 c5 2. Nf3 d6 3. d4 cxd4 4. Nxd4 Nf6 5. Nc3 a6 6. Be3 e5 7. Nb3 Be6 8. f3 Nbd7 9. g4 b5 10. g5 Nh5 11. Qd2 b4 12. Nd5 Bxd5 13. exd5 Be7 14. 0-0-0 0-0 15. Kb1 a5 16. h4 a4 17. Nc1 Ng3 18. Rg1 Nxf1 19. Rdxf1 Rb8 20. b3 Qa5 21. f4 axb3 22. cxb3 Rbc8 23. f5 Kh8 24. f6 gxf6 25. gxf6 Bxf6 26. Rxf6 Nxf6 27. Qf2 Nxd5 28. Qf5 f6 29. Bh6 Rg8 30. Bg7+ 1-0

[Event "CZE-chT2F 2122"]
[Site "Czech Republic"]
[Date "2021.10.17"]
[Round "1.2"]
[White "Sramek, Vojtech"]
[Black "Orzechowski, Jacek"]
[Result "1/2-1/2"]
[WhiteElo "2208"]
[BlackElo "2125"]
[PlyCount "50"]
[EventDate "2021.10.17"]
[EventType "team-tourn"]
[EventRounds "11"]
[EventCountry "CZE"]
[SourceTitle "EXT 2024"]
[Source "ChessBase"]
[SourceDate "2023.10.10"]
[SourceVersion "1"]
[SourceVersionDate "2023.10.10"]
[SourceQuality "1"]
[WhiteTeam "Orlova Slavia II"]
[BlackTeam "Dolni Benesov"]
[WhiteTeamCountry "CZE"]
[BlackTeamCountry "CZE"]

1. e4 Nc6 2. Nf3 d6 3. d4 Nf6 4. Nc3 Bg4 5. Be3 e6 6. Be2 d5 7. e5 Nd7 8. 0-0 Be7 9. h3 Bh5 10. Nd2 Bg6 11. f4 Nb4 12. Rc1 c5 13. Nf3 0-0 14. Qd2 Rc8 15. a3 Nc6 16. Nd1 cxd4 17. Nxd4 Nxd4 18. Bxd4 Bc5 19. Bxc5 Nxc5 20. Nf2 Ne4 21. Nxe4 Bxe4 22. Kh2 Qb6 23. c3 Rfd8 24. Bf3 Bxf3 25. Rxf3 g6 1/2-1/2

[Event "Stare Mesto op"]
[Site "Stare Mesto"]
[Date "2021.08.18"]
[Round "6"]
[White "Sramek, Vojtech"]
[Black "Kapusta, Petr"]
[Result "0-1"]
[WhiteElo "2203"]
[BlackElo "2145"]
[PlyCount "80"]
[EventDate "2021.08.13"]
[EventType "swiss"]
[EventRounds "9"]
[EventCountry "CZE"]
[SourceTitle "CBM 203 Extra"]
[Source "ChessBase"]
[SourceDate "2021.09.30"]
[SourceVersion "1"]
[SourceVersionDate "2021.09.30"]
[SourceQuality "1"]

1. e4 c5 2. Nf3 d6 3. d4 cxd4 4. Nxd4 Nf6 5. Nc3 a6 6. Be3 e5 7. Nb3 Be6 8. f3 h5 9. Nd5 Bxd5 10. exd5 Nbd7 11. Qd2 Qc7 12. Rc1 g6 13. Be2 Bg7 14. 0-0 0-0 15. c4 b6 16. Na1 a5 17. Nc2 Nc5 18. Na3 Nh7 19. Nb5 Qe7 20. Bd1 f5 21. Bc2 g5 22. b3 Rf7 23. a3 f4 24. Bf2 g4 25. b4 axb4 26. axb4 gxf3 27. Bxh7+ Kxh7 28. bxc5 fxg2 29. Kxg2 bxc5 30. Kh1 e4 31. Qe2 f3 32. Qd2 Bh6 33. Be3 Bxe3 34. Qxe3 Ra2 35. Rf2 Rxf2 36. Qxf2 e3 37. Qc2+ Kh6 38. Rg1 Rg7 39. Qf5 Rxg1+ 40. Kxg1 Qg7+ 0-1

[Event "Pardubice Czech op-E 32nd"]
[Site "Pardubice"]
[Date "2021.07.18"]
[Round "6.2"]
[White "Sramek, Vojtech"]
[Black "Biastoch, Bennet"]
[Result "1/2-1/2"]
[WhiteElo "2194"]
[BlackElo "2266"]
[PlyCount "56"]
[EventDate "2021.07.15"]
[EventType "team-swiss"]
[EventRounds "7"]
[EventCountry "CZE"]
[SourceTitle "CBM 203 Extra"]
[Source "ChessBase"]
[SourceDate "2021.09.30"]
[SourceVersion "1"]
[SourceVersionDate "2021.09.30"]
[SourceQuality "1"]
[WhiteTeam "Orlova Slavia "]
[BlackTeam "Sachsen Anhalt"]
[WhiteTeamCountry "CZE"]
[BlackTeamCountry "GER"]

1. e4 c5 2. Nf3 d6 3. d4 cxd4 4. Nxd4 Nf6 5. Nc3 a6 6. Be3 Ng4 7. Bc1 Nc6 8. Nxc6 bxc6 9. Bc4 g6 10. 0-0 Bg7 11. h3 Ne5 12. Bb3 0-0 13. Be3 a5 14. f4 Nd7 15. Bd4 Bxd4+ 16. Qxd4 Qb6 17. Qxb6 Nxb6 18. Na4 Nxa4 19. Bxa4 Rb8 20. Rab1 Ba6 21. Rfd1 Rfc8 22. c3 Be2 23. Rd2 Bc4 24. b3 Rb6 25. Rbd1 Bb5 26. Bxb5 cxb5 27. Rc1 Rbc6 28. Rdc2 Kg7 1/2-1/2

[Event "Bohumin op 4th"]
[Site "Bohumin"]
[Date "2021.07.09"]
[Round "7"]
[White "Sramek, Vojtech"]
[Black "Tymrakiewicz, Rafal"]
[Result "1-0"]
[WhiteElo "2194"]
[BlackElo "2236"]
[PlyCount "85"]
[EventDate "2021.07.03"]
[EventType "swiss"]
[EventRounds "9"]
[EventCountry "CZE"]
[SourceTitle "CBM 203 Extra"]
[Source "ChessBase"]
[SourceDate "2021.09.30"]
[SourceVersion "1"]
[SourceVersionDate "2021.09.30"]
[SourceQuality "1"]

1. e4 c5 2. Nf3 a6 3. c4 e6 4. d4 cxd4 5. Nxd4 Nf6 6. Nc3 Bb4 7. Qd3 Nc6 8. Nxc6 dxc6 9. Qxd8+ Kxd8 10. e5 Nd7 11. Bf4 b6 12. Be2 Bb7 13. Bh5 Ke7 14. 0-0-0 Bxc3 15. bxc3 Rad8 16. Rd4 h6 17. Rhd1 c5 18. Rd6 g6 19. Bf3 Bxf3 20. gxf3 g5 21. Bg3 Nb8 22. Rxb6 Rxd1+ 23. Kxd1 Rd8+ 24. Kc2 a5 25. Rb5 Kf8 26. Rxa5 Kg7 27. a4 Nd7 28. Rb5 Kg6 29. f4 Kf5 30. fxg5 hxg5 31. a5 Ra8 32. Kb3 Ra7 33. f3 Ra8 34. Ka4 Ra7 35. Bf2 Kf4 36. Bxc5 Ra8 37. Bd6 Kxf3 38. Rb7 Nxe5 39. Bxe5 Ke4 40. Rb8 Ra7 41. Bd4 Rc7 42. a6 e5 43. a7 1-0